000 01047nam0a22002891 4500
001 rc\3480840
005 20260408071942.0
021 _aRU
_b70-46659
021 _aRU
_bРг953-71
035 _a(NLR Aleph) 007601700
090 _a5721364
_c5721364
100 _a20130115d1970 |||y0rusy50 ca
101 0 _arus
102 _aRU
105 _ay z |||||
200 1 _a"Варварский мир" и конец античного мира"
_fXIII Междунар. конгресс ист. наук. Москва, 16-23 авг. 1970 г.
210 _aМосква
_cНаука
_d1970
215 _a9 с., включ. обл.
_d20
320 _aБиблиогр.: с. 8-9
532 1 3 _aВарварский мир и конец античного мира
700 1 _aНестор
_bИ.
712 1 2 _aМеждународный конгресс историков
_d13
_f1970
_eМосква
_3RU\NLR\AUTH\8810060671
_9622727
801 0 _aRU
_bNLR
_gpsbo
801 1 _aRU
_bELAR
_2rusmarc
852 _aNLR
_j70-4/21741
942 _cBOOK
980 _aNB